000 00932nam a2200301 a 4500
001 63039
003 BD-RjUL
005 20211209081143.0
008 170128s1969 enkabc j b 001 0 eng d
020 _a0423776703 (v.1)
020 _a423793608 (V.2)
035 _a(BD-RjUL)63167
040 _aDLC
_cDLC
_dUKM
_dBD-RjUL
_beng
041 _aeng
082 _a909.82
_bHOW 1969
245 1 0 _aHow the world changed /
_cJohn Eppstein editor
260 _aLondon :
_bMethuen Educational,
_c1969
300 _av. :
_bill. ;
_c20 cm
490 1 _aTwentieth-century world
500 _aMaps on lining papers
504 _aBibliography: v. 1, p. 89-[92]; v. 2. p. 93-96
505 0 _av. 1. 1900-1939 ; v. 2 1939-1968 --
650 0 _aHistory, Modern
_y20th century
_xJuvenile literature
_9187531
700 _aEppstein, John, editor
_9187532
830 0 _aTwentieth-century world
_9187533
942 _2ddc
_cBK
999 _c63039
_d63039